| 000 | 00994cam a2200205 4500 | ||
|---|---|---|---|
| 001 | WB3809-18 | ||
| 008 | 020307n2002 000 0 eng u | ||
| 035 | _a(Sirsi) u117047 | ||
| 245 | _aHalifax EA launch website | ||
| 260 | _c2002 | ||
| 490 |
_aEstate Agency News _v(176) March 2002, 18(1) |
||
| 520 | _aHalifax Estate Agents online services are available through their new website at http://www.halifaxestateagency.co.uk The site allows housebuyers to search through all of the properties listed with Halifax Estate Agents in their 370-plus offices throughout England, Wales and Northern Ireland. The site is linked to http://www.halifax.co.uk and Halifax Online. Although there is no direct link to http://www.rightmove.co.uk yet. | ||
| 590 | _aWB | ||
| 650 | _aHALIFAX | ||
| 650 | _aHOUSE BUYERS | ||
| 650 | _aPROPERTY-RESIDENTIAL PROPERTY-ACQUISITION AND DISPOSAL OF RESIDENTIAL PROPERTY | ||
| 650 | _aESTATE AGENCY | ||
| 690 | _aINFORMATION TECHNOLOGY-INTERNET | ||
| 942 | _n0 | ||
| 999 |
_c69734 _d69734 |
||